| 000 | 01970cam a2200229 4500 | ||
|---|---|---|---|
| 001 | 1962 | ||
| 005 | 20181127164310.0 | ||
| 008 | 071129s2008 mnua b s001 0 eng | ||
| 010 | _a 2007048983 | ||
| 020 | _a9780816645787 (hc : alk. paper) | ||
| 020 | _a9780816645794 (pbk. : alk. paper) | ||
| 043 | _aa-ii--- | ||
| 245 | 0 | 0 |
_aGlobal Bollywood : _btravels of Hindi song and dance / _cSangita Gopal, Sujata Moorti, editors. |
| 260 |
_aNew Delhi : _bOrient BlackSwan, _c2010. |
||
| 300 |
_a340 p. : _bill. ; _c24 cm. |
||
| 504 | _aIncludes bibliographical references and index. | ||
| 505 | 0 | _aTapping the mass market : the commercial life of Hindi film songs / Anna Morcom -- The sounds of modernity : the evolution of Bollywood film song / Biswarup Sen -- From Bombay to Bollywood : tracking cinematic and musical tours / Nilanjana Bhattacharjya and Monika Mehta -- Bollywood and beyond : the transnational economy of film production in Ramoji film city, Hyderbad / Shanti Kumar -- The music of intolerable love : political conjugality in Mani Ratnam's Dil se / Anustup Basu -- Intimate neighbors : Bollywood, dangdut music, and globalizing modernities in Indonesia / Bettina David -- The ubiquitous nonpresence of India : peripheral visions from Egyptian popular culture / Walter Armbrust -- Appropriating the uncodable : Hindi song and dance sequences in Israeli state promotional commercials / Ronie Parciack -- Dancing to an Indian beat : ""Dola"" goes my diasporic heart / Sangita Shresthova -- Food and cassettes : encounters with Indian filmsong / Edward K. Chan -- Queer as desis : secret politics of gender and sexuality in Bollywood films in diasporic urban ethnoscapes / Rajinder Dudrah -- Bollywood gets funky : American hip-hop, basement bhangra, and the racial politics of music / Richard Zumkhawala-Cook. | |
| 650 | 0 |
_aMotion picture music _zIndia. |
|
| 650 | 0 |
_aMotion pictures _zIndia. |
|
| 700 | 1 | _aGopal, Sangita. | |
| 700 | 1 |
_aMoorti, Sujata, _d1963- |
|
| 999 |
_c1515 _d1515 |
||